Appropriations for Sioux Indians. Letter from the Secretary of the Interior, transmitting estimates of additional appropriations required for various bands of Sioux Indians of the upper Missouri agency.

Bibliographic Details
Corporate Authors: United States. Congress. House. Committee on Appropriations, ProQuest (Firm)
Format: eBook
Language:English
Published: Washington : [publisher not identified], 1868.
Series:United States congressional serial set.
Subjects:
Online Access:Connect to the full text of this electronic book

MARC

Tag First Indicator Second Indicator Subfields
LEADER 00000cam a22000001a 4500
001 in00002906348
005 20190401171305.0
006 m o d
007 cr un mmmapmmp
008 060823s1868 dcud o f000 0 eng d
035 |a cis2004002101 
040 |a UMI  |c UMI  |d UtOrBLW 
043 |a n-us--- 
099 |a ProQuest Serial Set Number 1341 H.exdoc.184 
110 1 |a United States.  |b Congress.  |b House.  |b Committee on Appropriations. 
245 1 0 |a Appropriations for Sioux Indians. Letter from the Secretary of the Interior, transmitting estimates of additional appropriations required for various bands of Sioux Indians of the upper Missouri agency. 
246 1 |a Estimates of additional appropriations for various bands of Sioux Indians 
264 1 |a Washington :  |b [publisher not identified],  |c 1868. 
300 |a 1 online resource. 
336 |a text  |b txt  |2 rdacontent 
337 |a computer  |b c  |2 rdamedia 
338 |a online resource  |b cr  |2 rdacarrier 
490 0 |a H.exdoc.184 
500 |a Record is based on bibliographic data in ProQuest U.S. Serial Set Digital Collection (last viewed Sept. 2006). Reuse except for individual research requires license from ProQuest, LLC. 
510 3 |a ProQuest U.S. Serial Set Digital Collection 
500 |a Electronic resource. 
650 0 |a Budget  |z United States. 
650 0 |a Dakota Indians. 
655 7 |a Electronic books.  |2 local 
710 2 |a ProQuest (Firm) 
830 0 |a United States congressional serial set. 
856 4 0 |u http://proxy.library.tamu.edu/login?url=http://congressional.proquest.com/congcomp/getdoc?SERIAL-SET-ID=1341+H.exdoc.184  |z Connect to the full text of this electronic book  |t 0 
999 |a MARS 
999 f f |s 11665455-7a82-3544-aede-d60d423afddc  |i bea32196-2add-3dc2-958b-cfbe41922204  |t 0 
952 f f |a Texas A&M University  |b College Station  |c Electronic Resources  |d Available Online  |t 0  |e ProQuest Serial Set Number 1341 H.exdoc.184  |h Other scheme 
998 f f |a ProQuest Serial Set Number 1341 H.exdoc.184  |t 0  |l Available Online